Most Appearances in the Champions League for Footballers from Brazil - Statistics

General Stats
  • This quiz has been taken 192 times
  • The average score is 19 of 26
Answer Stats
# Apps. Clubs Years Pos. Answer % Correct
1 120 Real Madrid, Fenerbahçe 1997-2009 LB Roberto Carlos
97%
5 102 Real Madrid 2007-2022 LB/LM Marcelo
95%
11 81 Paris Saint-Germain, Barcelona 2013-2023 FW Neymar
94%
3 105 Paris Saint-Germain, Chelsea, AC Milan 2009-2023 CB Thiago Silva
93%
7 86 AC Milan, Real Madrid 2003-'08, 2009-'14 AM/FW Kaká
89%
2 111 Barcelona, Paris Saint-Germain, Juventus, Sevilla 2007-2019 RB/RW Dani Alves
88%
9 83 Real Madrid, FC Porto, Manchester United 2013-'22, 2023- DM Casemiro
86%
14 74 Manchester City, Benfica 2015- GK Ederson
86%
4 103 Manchester City, Shakhtar Donetsk 2006-'09, 2010-'22 DM/CB Fernandinho
85%
17 72 AC Milan 2000-'01, 2002-'08, 2009-'10 GK Dida
81%
8 84 Paris Saint-Germain 2013- CB/DM Marquinhos
80%
15 73 Barcelona, Olympiakos, AC Milan 1997-2007 FW Rivaldo
79%
9 83 Bayern München, Inter Milan, Bayer Leverkusen, Juventus 2001-'03, 2004-'07, 2008-'13 CB Lúcio
77%
13 76 Shakhtar Donetsk, Bayern München, Juventus 2010-2021 RW/LW Douglas Costa
75%
20 71 Chelsea, Shakhtar Donetsk 2007-'09, 2010-'16, 2017-'18, 2019-'20 RW/LW Willian
74%
23 64 Inter Milan, Benfica 2005-'12, 2014-'18 GK Júlio César
73%
12 78 Juventus, FC Porto 2012-2023 LB/LM Alex Sandro
72%
17 72 Liverpool, AS Monaco 2014-'15, 2016-'23 DM/CB Fabinho
72%
24 62 Juventus, FC Porto, Real Madrid, Manchester City 2012-2023 DF Danilo
66%
22 66 Chelsea, PSV Eindhoven, Paris Saint-Germain 2004-2014 CB Alex
65%
6 94 Paris Saint-Germain, Ajax, Barcelona, Inter Milan 2002-'05, 2006-'17 LB/LM Maxwell
65%
15 73 FC Porto, Sevilla, Manchester City, Galatasaray 2008-'10, 2011-'17, 2018-'19, 2020- MF Fernando
55%
21 69 Bayern München, Olympique Lyon 1997-2004 FW Giovane Élber
52%
17 72 Bayern München, Schalke 04, Olympiakos 2005-'06, 2007-'08, 2011-'19, 2020-'21 RB Rafinha
47%
24 62 Bayern München, Bayer Leverkusen, Real Madrid 1997-'98, 1999-'06, 2008-'09 DM/LM Zé Roberto
41%
24 62 AS Roma, Juventus, Bayer Leverkusen, Real Madrid, AC Milan 1997-'98, 1999-'00, 2001-'03, 2004-'08 DM Emerson
32%
No matching quizzes found
Score Distribution
Percent of People with Each Score
Percentile by Number Answered
Your Score History
You have not taken this quiz